Normal view
MARC view
Entry Personal Name
001 - CONTROL NUMBER
- control field: 12083
003 - CONTROL NUMBER IDENTIFIER
- control field: ARRUPE
005 - DATE AND TIME OF LATEST TRANSACTION
- control field: 20141007111524.0
008 - FIXED-LENGTH DATA ELEMENTS
- fixed length control field: 141007|| aca||aabn | a|a d
040 ## - CATALOGING SOURCE
- Original cataloging agency: ARRUPE
- Transcribing agency: ARRUPE
100 ## - HEADING--PERSONAL NAME
- Personal name: Kentenich, Joseph
670 ## - SOURCE DATA FOUND
- Source citation: Work cat.: (ARRUPE): Kentenich, Joseph, Rediscovering the father, 1999